[Event "2024 British Rapidplay Championship"]
[Site "Holiday Inn Peterborough - West"]
[Date "2024.03.03"]
[Round "10.92"]
[White "Darbost, Fabien"]
[Black "Zeynalli, Nial"]
[Result "0-1"]
[WhiteFideId "343407200"]
[BlackFideId "343404332"]
[WhiteElo "1615"]
[BlackElo "1527"]
[EventDate "2024.03.02"]

1. d4 Nf6 2. c4 e6 3. Nc3 Bb4 4. e3 d5 5. a3 Bxc3+ 6. bxc3 b6 7. Bd3 Bb7 8. Nf3 Nbd7
9. Qc2 c5 10. e4 dxc4 11. Bxc4 Bxe4 12. Qa4 a6 13. Qb3 b5 14. Be2 c4 15. Qb4 Nd5
16. Qb2 N7b6 17. Bd1 Bxf3 18. gxf3 Rb8 19. Rg1 Qf6 20. Bg5 Qf5 21. Qc2 Qxc2 22. Bxc2
Nxc3 23. Be3 g6 24. Kd2 Nbd5 25. Be4 Nxe4+ 26. fxe4 Nxe3 27. Kxe3 Ke7 28. Rgb1 Rhc8
29. Rc1 a5 30. Kd2 b4 31. a4 b3 32. Rab1 Rb4 33. d5 exd5 34. exd5 Kd7 35. f4 Rxa4
36. Kc3 Kd6 37. Re1 Ra2 38. h3 Rc2+ 39. Kd4 a4 40. Ra1 a3 41. Rxa3 b2 42. Ra6+ Kd7
43. Rb6 Rd2+ 44. Kc3 Rxd5 45. Rb1 Rd3+ 46. Kc2 Re8 47. R1xb2 Re2+ 48. Kc1 Rxb2 49.
Rxb2 Rxh3 50. Rb7+ Ke6 51. Rc7 c3 52. Kc2 Rf3 53. Rc4 Kf6 54. Rd4 h5 55. Rb4 h4 56.
Rb1 h3 57. Rh1 Kf5 58. Re1 Kxf4 59. Rg1 g5 60. Kc1 g4 61. Kc2 h2 62. Rd1 g3 63. Rd7
h1=Q 64. Rd4+ Ke5 0-1

[Event "2024 British Rapidplay Championship"]
[Site "Holiday Inn Peterborough - West"]
[Date "2024.03.03"]
[Round "10.93"]
[White "Keshari, Rohit"]
[Black "Mehta, Zara"]
[Result "1/2-1/2"]
[WhiteFideId "497088"]
[BlackFideId "343401236"]
[WhiteElo "1590"]
[BlackElo "1125"]
[EventDate "2024.03.02"]

1. d4 Nf6 2. e3 g6 3. Bd3 Bg7 4. Nd2 O-O 5. c3 c6 6. f4 d5 7. Ngf3 Bg4 8. O-O Nbd7
9. Qe1 Re8 10. Qh4 Bh5 11. Ne5 Nxe5 12. fxe5 Ng4 13. Nf3 e6 14. Qxd8 Raxd8 15. h3
Nh6 16. g4 Bxg4 17. hxg4 Nxg4 18. Ng5 f5 19. Kg2 Bh6 20. e4 dxe4 21. Be2 Rd7 22.
Bxg4 fxg4 23. Kg3 Bxg5 24. Bxg5 Rf8 25. Rxf8+ Kxf8 26. Rf1+ Kg7 27. Kxg4 Rd5 28.
Kf4 Rb5 29. Rf2 1/2-1/2

[Event "2024 British Rapidplay Championship"]
[Site "Holiday Inn Peterborough - West"]
[Date "2024.03.03"]
[Round "10.95"]
[White "Sriram, Gautam"]
[Black "Herring, Tim JC"]
[Result "1-0"]
[WhiteFideId "498491"]
[BlackFideId "429775"]
[WhiteElo "1480"]
[BlackElo "1755"]
[EventDate "2024.03.02"]

1. e4 d5 2. exd5 Qxd5 3. Nc3 Qd8 4. d4 Bf5 5. Bc4 e6 6. Nf3 Nc6 7. Bf4 a6 8. Qd2
Nf6 9. O-O Bd6 10. Bg3 O-O 11. Rfe1 Nb4 12. Bb3 Qd7 13. Rad1 Rad8 14. Ne5 Bxe5 15.
Bxe5 c5 16. Bxf6 gxf6 17. Ne2 b5 18. c3 Nd3 19. Rf1 c4 20. Bc2 Qd6 21. Bxd3 Bxd3
22. Rfe1 e5 23. dxe5 fxe5 24. Qg5+ Kh8 25. Ng3 f6 26. Qh6 Rg8 27. Qe3 Qe6 28. f4
e4 29. Nxe4 Rge8 30. Kf2 Qc6 31. Qf3 Qb6+ 32. Kg3 Rg8+ 33. Kh4 f5 34. Ng5 1-0

[Event "2024 British Rapidplay Championship"]
[Site "Holiday Inn Peterborough - West"]
[Date "2024.03.03"]
[Round "10.96"]
[White "Bennet, Freddie"]
[Black "Waterman, Nick I"]
[Result "0-1"]
[WhiteFideId "343437133"]
[BlackFideId "443123"]
[WhiteElo "1460"]
[BlackElo "1667"]
[EventDate "2024.03.02"]

1. e4 e6 2. d4 d5 3. exd5 exd5 4. Nf3 Nf6 5. Bd3 Bd6 6. O-O O-O 7. Nc3 c6 8. h3 h6
9. Re1 Be6 10. Ne2 Qc7 11. Qd2 Nbd7 12. Nf4 Rae8 13. b3 Re7 14. c4 b6 15. Nxe6 Rxe6
16. Bb2 Rfe8 17. Kf1 a5 18. Rxe6 Rxe6 19. Re1 Nf8 20. Rxe6 Nxe6 21. Qc1 Nf4 22. Qc2
Nxd3 23. Qxd3 Qe7 24. cxd5 Nxd5 25. Qe2 f6 26. Qxe7 Bxe7 27. g3 Nb4 28. a3 Nd3 29.
Bc3 Bxa3 30. Ke2 Nc1+ 31. Kd2 Nxb3+ 32. Kc2 a4 33. Nd2 Nxd2 34. Kxd2 Kf7 35. Kd3
Ke6 36. Kc4 b5+ 37. Kd3 Kd5 38. f3 Bd6 39. f4 f5 40. Ke3 g6 41. g4 b4 42. Ba1 0-1

[Event "2024 British Rapidplay Championship"]
[Site "Holiday Inn Peterborough - West"]
[Date "2024.03.03"]
[Round "10.97"]
[White "Fairhurst, Steve"]
[Black "Brookbanks, Alan"]
[Result "0-1"]
[WhiteFideId "343425690"]
[BlackFideId "343443389"]
[WhiteElo "1114"]
[BlackElo "1569"]
[EventDate "2024.03.02"]

1. e4 c5 2. Nf3 d6 3. d4 cxd4 4. Nxd4 Nc6 5. Bb5 Bd7 6. O-O e5 7. Nxc6 Bxc6 8. Bxc6+
bxc6 9. Nc3 Nf6 10. Bg5 Be7 11. a4 O-O 12. b3 h6 13. Bh4 Rc8 14. h3 d5 15. exd5 cxd5
16. Nb5 a6 17. Bxf6 Bxf6 18. Nc3 Rxc3 19. Re1 e4 20. Re3 Rxe3 21. fxe3 Bxa1 22. Qxa1
Qb6 23. Qe1 Rc8 24. a5 Qc5 25. c3 Qxc3 26. Qxc3 Rxc3 27. b4 Rb3 28. Kf2 Rxb4 29.
Kg3 Rb5 30. Kf4 f6 31. g4 Rxa5 32. h4 Rb5 33. g5 fxg5+ 34. hxg5 hxg5+ 35. Kxg5 a5
36. Kf4 a4 37. Kg3 a3 0-1

[Event "2024 British Rapidplay Championship"]
[Site "Holiday Inn Peterborough - West"]
[Date "2024.03.03"]
[Round "10.98"]
[White "Arun, Saiarya"]
[Black "Kulibaev, Richard"]
[Result "0-1"]
[WhiteFideId "343412548"]
[BlackFideId "343406050"]
[WhiteElo "1485"]
[BlackElo "1503"]
[EventDate "2024.03.02"]

1. e4 e5 2. d4 exd4 3. c3 d5 4. exd5 Nf6 5. cxd4 Nxd5 6. Nf3 Be7 7. Bc4 Nb6 8. Bb3
O-O 9. O-O Re8 10. Ne5 Rf8 11. Nc3 Nc6 12. Nf3 Bf5 13. Bf4 Qd7 14. Ne2 Rad8 15. Ng3
Bg4 16. h3 Bxf3 17. Qxf3 Nxd4 18. Qd1 Nxb3 19. Qxb3 Rfe8 20. Rad1 Qc6 21. Rxd8 Rxd8
22. Re1 Nd5 23. Nf5 Bf6 24. Ne3 Nxf4 25. g3 Nxh3+ 26. Kh2 Nxf2 27. Nd5 h6 28. Nxf6+
Qxf6 29. Qc2 Ng4+ 30. Kh3 Ne5 31. Qe4 Qe6+ 32. Kg2 Qd5 33. Qxd5 Rxd5 34. Re2 f6 35.
Kh3 Ra5 36. a3 Rd5 37. Rc2 c6 38. b4 Kf7 39. Kh4 Nf3+ 40. Kg4 Nd4 41. Rc4 Ke6 42.
Kf4 b5 43. Rc5 Rxc5 44. bxc5 Nb3 45. a4 bxa4 46. Ke4 a3 47. Kd3 a2 48. g4 a1=Q 49.
g5 Qb1+ 50. Ke3 Nxc5 51. g6 Qd3+ 52. Kf2 Ne4+ 53. Kg1 Qg3+ 54. Kh1 Nf2# 0-1

[Event "2024 British Rapidplay Championship"]
[Site "Holiday Inn Peterborough - West"]
[Date "2024.03.03"]
[Round "10.100"]
[White "Mehta, Hatle"]
[Black "Hoxha, Oliver"]
[Result "1-0"]
[WhiteFideId "488003"]
[BlackFideId "343410537"]
[WhiteElo "1447"]
[BlackElo "948"]
[EventDate "2024.03.02"]

1. d4 d5 2. Bf4 Nc6 3. e3 Nf6 4. Nf3 e6 5. Bb5 Bb4+ 6. c3 Ba5 7. b4 Bb6 8. Ne5 Bd7
9. Bxc6 Bxc6 10. Nxc6 bxc6 11. a4 a5 12. O-O O-O 13. Nd2 Qd7 14. h3 Nh5 15. Be5 Nf6
16. Bxf6 gxf6 17. Qg4+ Kh8 18. Nf3 Rg8 19. Qf4 f5 20. Qe5+ Rg7 21. Rac1 Rag8 22.
c4 axb4 23. c5 Ba5 24. Ng5 Qe7 25. Nf3 f6 26. Qf4 Rxg2+ 27. Kh1 Qf7 28. Rg1 Rxf2
29. Rxg8+ Qxg8 30. Rg1 Qf7 31. Qg3 Re2 32. Ne5 Qf8 33. Nxc6 b3 34. Nxa5 b2 35. Nc6
Rc2 36. Nb4 Rc1 37. Nd3 b1=Q 38. Nxc1 Qa1 39. Nb3 Qxa4 40. Nd2 Qc2 41. Nf3 Qe4 42.
Kh2 Qxe3 43. c6 f4 44. Qg4 f5 45. Qg2 Qc3 46. Ne5 Qg3+ 47. Qxg3 fxg3+ 48. Rxg3 f4
49. Rg4 f3 50. Kg1 h5 51. Ng6+ Kg7 52. Nxf8+ Kxf8 53. Rf4+ Ke7 54. Rxf3 Kd6 55. Rg3
Kxc6 56. Rg5 h4 57. Rh5 Kb5 58. Rxh4 c5 59. dxc5 Kxc5 60. Rf4 e5 61. Rf1 e4 62. h4
e3 63. Re1 d4 64. h5 Kc4 65. h6 d3 66. Rxe3 d2 67. Re4+ Kc3 68. Re3+ Kc2 69. Re2
Kc1 70. Rxd2 Kxd2 71. h7 1-0

[Event "2024 British Rapidplay Championship"]
[Site "Holiday Inn Peterborough - West"]
[Date "2024.03.03"]
[Round "11.1"]
[White "Han, Yichen"]
[Black "Gormally, Daniel W"]
[Result "1/2-1/2"]
[WhiteFideId "1054430"]
[BlackFideId "406465"]
[WhiteElo "2334"]
[BlackElo "2463"]
[EventDate "2024.03.02"]

1. d4 Nf6 2. c4 g6 3. Nc3 d5 4. cxd5 Nxd5 5. Bd2 Bg7 6. e4 Nb6 7. Be3 O-O 8. Be2
f5 9. exf5 Bxf5 10. Nf3 Nc6 11. O-O Kh8 12. h3 Qd6 13. Qb3 Be6 14. Qc2 Bd5 15. Ne4
Nb4 16. Qb1 Qc6 17. Ned2 Qc2 18. a3 Qxb1 19. Raxb1 Nc6 20. Rbc1 Rad8 21. Rfe1 Rd7
22. Bb5 a6 23. Bd3 Bxf3 24. Nxf3 e5 25. Bxa6 exd4 26. Bd2 bxa6 27. Rxc6 d3 28. Ne5
Rd5 29. f4 Nd7 30. Rxc7 Nxe5 31. fxe5 Rxe5 32. Rxe5 Bxe5 33. Rd7 Bxb2 1/2-1/2

[Event "2024 British Rapidplay Championship"]
[Site "Holiday Inn Peterborough - West"]
[Date "2024.03.03"]
[Round "11.2"]
[White "Willow, Jonah B"]
[Black "Royal, Shreyas"]
[Result "1/2-1/2"]
[WhiteFideId "438804"]
[BlackFideId "448869"]
[WhiteElo "2295"]
[BlackElo "2331"]
[EventDate "2024.03.02"]

1. e4 e5 2. Nf3 Nc6 3. Bb5 a6 4. Ba4 Nf6 5. O-O b5 6. Bb3 Bc5 7. a4 Rb8 8. c3 d6
9. d4 Bb6 10. a5 Ba7 11. Be3 Bg4 12. Nbd2 O-O 13. h3 Bh5 14. Qe1 Re8 15. dxe5 dxe5
16. Bxa7 Nxa7 17. Qe3 Nc8 18. Rfd1 Qe7 19. Nf1 Nd6 20. Ng3 Bg6 21. Nh4 Nd7 22. Nxg6
hxg6 23. Rd2 Nf8 24. Qa7 Ra8 25. Qc5 Rac8 26. Bd5 c6 27. Qxd6 Qxd6 28. Bxf7+ Kxf7
29. Rxd6 Ne6 30. Rd7+ Re7 31. Rad1 Nc5 32. Rxe7+ Kxe7 33. b4 Na4 34. Ne2 c5 35. Rd5
cxb4 36. cxb4 Rc2 37. Kf1 Rb2 38. Rxe5+ Kf6 39. f4 Rxb4 40. Re8 Nc5 41. Nc3 Kf7 42.
Re7+ Kxe7 43. Nd5+ Kd6 44. Nxb4 Nxe4 45. Nxa6 Nd2+ 46. Ke2 Nc4 47. Kd3 Nxa5 48. g4
Nc6 49. h4 Ne7 50. Kd4 Nd5 51. f5 gxf5 52. gxf5 Ne7 53. Ke4 Nc6 54. h5 b4 55. f6
gxf6 56. h6 b3 57. Kd3 Ne5+ 58. Kc3 Nf7 59. h7 f5 1/2-1/2

[Event "2024 British Rapidplay Championship"]
[Site "Holiday Inn Peterborough - West"]
[Date "2024.03.03"]
[Round "11.3"]
[White "Kanyamarala, Trisha"]
[Black "Eckersley-Waites, Tom"]
[Result "1-0"]
[WhiteFideId "45004722"]
[BlackFideId "412449"]
[WhiteElo "2073"]
[BlackElo "2264"]
[EventDate "2024.03.02"]

1. d4 d5 2. c4 dxc4 3. e3 Nf6 4. Bxc4 e6 5. Nf3 a6 6. O-O c5 7. Nbd2 Nc6 8. dxc5
Bxc5 9. a3 O-O 10. b4 Bb6 11. Bb2 Bd7 12. Be2 Ne7 13. Nc4 Bb5 14. Nxb6 Qxb6 15. Bd4
Qd8 16. Bxb5 axb5 17. Qe2 Qd5 18. Bc5 Rfe8 19. Qxb5 Ne4 20. Rfd1 Qb3 21. Nd2 Nxd2
22. Rxd2 Nd5 23. Bd4 Rec8 24. Rb2 Qxa3 25. Rbb1 Nc3 26. Qe5 Ne2+ 27. Kh1 Nxd4 28.
Rxa3 Rxa3 29. Qxd4 Rb3 30. Qd1 1-0

[Event "2024 British Rapidplay Championship"]
[Site "Holiday Inn Peterborough - West"]
[Date "2024.03.03"]
[Round "11.4"]
[White "Repasi, Zoltan"]
[Black "Wells, Peter K"]
[Result "0-1"]
[WhiteFideId "724602"]
[BlackFideId "400327"]
[WhiteElo "2097"]
[BlackElo "2440"]
[EventDate "2024.03.02"]

1. d4 Nf6 2. c4 e6 3. Nf3 b6 4. g3 Ba6 5. b3 Bb4+ 6. Bd2 Be7 7. Nc3 O-O 8. e4 d5
9. e5 Ne4 10. cxd5 Nxc3 11. Bxc3 Bxf1 12. Kxf1 Qxd5 13. Qe2 Nd7 14. Kg2 b5 15. Rhe1
f5 16. Kg1 a5 17. Nd2 a4 18. Qf3 Nb6 19. Kg2 b4 20. Qxd5 Nxd5 21. Bb2 a3 22. Bc1
c5 23. Nf3 Rfc8 24. dxc5 Rxc5 25. Nd4 Kf7 26. Bd2 Rac8 27. Rad1 g5 28. f3 h5 29.
h3 Rc2 30. Nxc2 Rxc2 31. Kf1 Rxa2 32. Re2 Rb2 33. Bxb4 Bxb4 0-1

[Event "2024 British Rapidplay Championship"]
[Site "Holiday Inn Peterborough - West"]
[Date "2024.03.03"]
[Round "11.5"]
[White "Ledger, Andrew J"]
[Black "Davtyan, Artur"]
[Result "0-1"]
[WhiteFideId "400610"]
[BlackFideId "13308327"]
[WhiteElo "2376"]
[BlackElo "2416"]
[EventDate "2024.03.02"]

1. c4 e6 2. Nf3 d5 3. g3 dxc4 4. Bg2 a6 5. O-O Nf6 6. Qc2 b5 7. a4 Bb7 8. b3 cxb3
9. Qxb3 b4 10. a5 Be7 11. d3 O-O 12. Nbd2 c5 13. Nc4 Nc6 14. Bb2 Qc7 15. Rfc1 Rad8
16. e4 Qb8 17. Rc2 Nd7 18. e5 Nd4 19. Nxd4 cxd4 20. Bxb7 Qxb7 21. Bxd4 Nc5 22. Bxc5
Bxc5 23. Rac1 Rd5 24. Nd2 Bd4 25. Rc4 Qa7 26. Rc7 Qb8 27. Nf3 Bc3 28. Qc4 Rxa5 29.
d4 Qb5 30. Qb3 Qd5 31. Qd1 h6 32. h4 Qe4 33. Rd7 Rd5 34. Rxd5 Qxd5 35. Qe2 a5 36.
Kg2 a4 0-1

[Event "2024 British Rapidplay Championship"]
[Site "Holiday Inn Peterborough - West"]
[Date "2024.03.03"]
[Round "11.6"]
[White "Harris, Michael"]
[Black "Gasanov, Eldar"]
[Result "0-1"]
[WhiteFideId "402028"]
[BlackFideId "14104466"]
[WhiteElo "2233"]
[BlackElo "2391"]
[EventDate "2024.03.02"]

1. d4 d6 2. c4 e5 3. Nf3 e4 4. Nfd2 f5 5. Nc3 Nf6 6. e3 c6 7. f3 d5 8. Qb3 Be7 9.
cxd5 cxd5 10. Bb5+ Nc6 11. O-O a6 12. Be2 Na5 13. Qc2 O-O 14. Rb1 b5 15. b4 Nc4 16.
Nxc4 exf3 17. Bxf3 bxc4 18. b5 axb5 19. Rxb5 Be6 20. Bd2 Ne4 21. Rfb1 Bd6 22. g3
Bc7 23. Rb7 Bd6 24. Ne2 Rf7 25. Rxf7 Bxf7 26. a4 Nxd2 27. Qxd2 Rxa4 28. Qc2 Ra3 29.
Qxf5 g6 30. Qc2 Qe7 31. Kg2 Qxe3 32. Rf1 Kg7 33. Qc1 Qxc1 34. Rxc1 Bb4 35. Rb1 Rb3
36. Ra1 Ba3 37. Nf4 c3 38. Bd1 Rb2+ 39. Kf3 Bd6 40. Rc1 Rd2 41. Bb3 Bxf4 42. Kxf4
Rxd4+ 43. Ke3 Rb4 0-1

[Event "2024 British Rapidplay Championship"]
[Site "Holiday Inn Peterborough - West"]
[Date "2024.03.03"]
[Round "11.8"]
[White "Buckley, Graeme N"]
[Black "Surtees, Mike J"]
[Result "1-0"]
[WhiteFideId "402265"]
[BlackFideId "412619"]
[WhiteElo "2267"]
[BlackElo "2035"]
[EventDate "2024.03.02"]

1. e4 c6 2. d4 d5 3. e5 Bf5 4. Nf3 e6 5. Be2 Nd7 6. O-O h6 7. Nbd2 g5 8. Nb3 Ne7
9. a4 Bg7 10. a5 a6 11. Bd2 f6 12. exf6 Bxf6 13. Re1 O-O 14. Bd3 Ng6 15. Qe2 Rf7
16. Bxf5 exf5 17. Qe6 Ndf8 18. Qxf5 Bxd4 19. Qh3 Bxb2 20. Rab1 Bg7 21. Nc5 Rb8 22.
Qg3 Nf4 23. h4 gxh4 24. Nxh4 Nh5 25. Qg4 Nf6 26. Qh3 Ne4 27. Nxe4 dxe4 28. Be3 Qxa5
29. Bb6 Qa2 30. Rb3 Qxc2 31. Rg3 Qd2 32. Rxe4 Qd7 33. Reg4 Ne6 34. Rg6 Ng5 35. Qxd7
Rxd7 36. Nf5 Kh7 37. Rxg7+ Rxg7 38. Nxg7 Kxg7 39. f4 Kf6 40. fxg5+ hxg5 41. Kf2 Rc8
42. Rc3 Re8 43. Rf3+ Kg6 44. Rd3 Re7 45. g4 Re4 46. Rd6+ Kf7 47. Kf3 Rf4+ 48. Kg3
Ke7 49. Rg6 Kd7 50. Be3 Rb4 51. Bxg5 a5 52. Bd2 Rb3+ 53. Kf4 a4 54. Rg8 b5 55. g5
a3 56. Ra8 b4 57. g6 Rb2 58. g7 1-0

[Event "2024 British Rapidplay Championship"]
[Site "Holiday Inn Peterborough - West"]
[Date "2024.03.03"]
[Round "11.9"]
[White "Bowcott-Terry, Finlay"]
[Black "Banerjee, Supratit"]
[Result "1-0"]
[WhiteFideId "449199"]
[BlackFideId "2410079"]
[WhiteElo "2055"]
[BlackElo "1962"]
[EventDate "2024.03.02"]

1. e4 e6 2. d4 d5 3. Nc3 dxe4 4. Nxe4 Nd7 5. Nf3 Ngf6 6. Ng3 c5 7. Be2 cxd4 8. Nxd4
Bc5 9. Nb3 Be7 10. O-O O-O 11. Be3 Ne5 12. Qe1 Bd7 13. Rd1 Qc7 14. Bf4 Nd5 15. Bxe5
Qxe5 16. c3 Rad8 17. Bf3 Qxe1 18. Rfxe1 Nb6 19. Nf5 exf5 20. Rxe7 Bc6 21. Nd4 g6
22. Nxc6 Rxd1+ 23. Bxd1 bxc6 24. Rxa7 Rd8 25. Bb3 Nd5 26. g3 g5 27. Ra6 Ne7 28. Bc4
g4 29. a4 Rd1+ 30. Kg2 Ng6 31. Ra5 f4 32. gxf4 h5 33. f5 Nh4+ 34. Kg3 Nf3 35. f6
Rg1+ 36. Kf4 h4 37. Ra8+ Kh7 38. Bd3+ Kh6 39. Rh8# 1-0

[Event "2024 British Rapidplay Championship"]
[Site "Holiday Inn Peterborough - West"]
[Date "2024.03.03"]
[Round "11.11"]
[White "Martin, Lewis"]
[Black "Waldhausen Gordon, Frederick"]
[Result "0-1"]
[WhiteFideId "410551"]
[BlackFideId "2409143"]
[WhiteElo "2192"]
[BlackElo "2045"]
[EventDate "2024.03.02"]

1. c4 c6 2. g3 d5 3. Bg2 Nf6 4. Nf3 g6 5. b3 Bg7 6. Bb2 O-O 7. O-O Bf5 8. d3 Nbd7
9. Nbd2 a5 10. Re1 Bg4 11. h3 Bxf3 12. Nxf3 a4 13. Qc2 Qb6 14. e4 axb3 15. axb3 dxe4
16. dxe4 Nc5 17. Nd2 Rxa1 18. Bxa1 Rd8 19. Rb1 Nd3 20. Nf1 Nb4 21. Qe2 Nd7 22. Bxg7
Kxg7 23. Rd1 Nc5 24. Rxd8 Qxd8 25. Qd2 Ncd3 26. Qc3+ e5 27. Bf3 Qf6 28. Kg2 Nc2 29.
Qxd3 Ne1+ 0-1

[Event "2024 British Rapidplay Championship"]
[Site "Holiday Inn Peterborough - West"]
[Date "2024.03.03"]
[Round "11.12"]
[White "He, Tom Junde"]
[Black "Larchikov, Maksym"]
[Result "0-1"]
[WhiteFideId "488810"]
[BlackFideId "34120815"]
[WhiteElo "1922"]
[BlackElo "1981"]
[EventDate "2024.03.02"]

1. d4 d5 2. c4 e6 3. Nf3 Nf6 4. g3 Be7 5. Bg2 O-O 6. O-O dxc4 7. Qc2 a6 8. a4 Bd7
9. Rd1 Bc6 10. Nc3 Nd5 11. e4 Nxc3 12. bxc3 b6 13. Ne5 Bb7 14. d5 exd5 15. exd5 Bd6
16. Nxc4 Nd7 17. Rb1 a5 18. Be3 Ba6 19. Nxd6 cxd6 20. Rb2 Rb8 21. Rdb1 Qc7 22. Bh3
Nc5 23. Bf5 g6 24. Bxc5 Qxc5 25. Bd3 Bc8 26. Rb5 Qc7 27. Qb2 Ba6 28. Rd1 Bxb5 29.
Bxb5 Qc5 30. c4 Qc7 31. Qf6 Qd8 32. Qc3 Rb7 33. Bc6 Re7 34. Rb1 Qc7 35. Qb2 Rb8 36.
h4 Re5 37. Qd4 Qe7 38. Kg2 Re4 39. Qd3 Qe5 40. Rd1 Re2 41. Kf1 Qe4 42. f3 Qxd3 43.
Rxd3 Rc2 44. Bb5 Kf8 45. Re3 Rc8 46. Re4 Rb2 47. Ke1 Rg2 48. Kf1 Rb2 49. Ke1 Rc2
50. Kf1 h6 51. Kg1 Rc7 52. Re8+ Kg7 53. Re4 Kf6 54. Rf4+ Kg7 55. Re4 g5 56. h5 Kf6
57. f4 Kf5 58. Re3 gxf4 59. gxf4 Kxf4 60. Re1 f5 61. Rf1+ Kg3 62. Rxf5 Rc1+ 63. Rf1
Rxf1+ 64. Kxf1 Kg4 65. Kg2 Kxh5 66. Kf3 Kg5 67. Kg3 h5 68. Bc6 h4+ 69. Kh3 Re7 70.
Kg2 Kg4 71. Kh2 Re2+ 72. Kg1 Kg3 73. Kf1 Rf2+ 74. Ke1 h3 75. c5 h2 76. Bb5 h1=Q+
77. Bf1 Qxf1# 0-1

[Event "2024 British Rapidplay Championship"]
[Site "Holiday Inn Peterborough - West"]
[Date "2024.03.03"]
[Round "11.13"]
[White "Frostick, Clive A"]
[Black "Roberson, Peter T"]
[Result "0-1"]
[WhiteFideId "411302"]
[BlackFideId "412384"]
[WhiteElo "2162"]
[BlackElo "2401"]
[EventDate "2024.03.02"]

1. e4 c5 2. Nf3 d6 3. Bb5+ Nd7 4. c3 Ngf6 5. Qe2 a6 6. Ba4 b5 7. Bc2 e6 8. O-O Bb7
9. d4 Be7 10. Nbd2 Qc7 11. Bd3 O-O 12. Re1 e5 13. Nf1 Rfe8 14. Ng3 Bf8 15. d5 c4
16. Bc2 g6 17. a4 Nc5 18. axb5 axb5 19. Be3 Rxa1 20. Rxa1 Bc8 21. h3 Bd7 22. Nd2
Rb8 23. Qe1 h5 24. f3 Kh7 25. b4 cxb3 26. Nxb3 Na4 27. Ne2 b4 28. Bd2 bxc3 29. Be3
Bh6 30. Bxh6 Kxh6 31. Nbc1 Qc5+ 32. Kh2 Nb6 33. Qxc3 Qf2 34. Qd2+ Kg7 35. Nd3 Nc4
36. Nxf2 Nxd2 37. Rd1 Nc4 38. Rb1 Ra8 39. Bd3 Ne3 40. Nc3 Ra3 41. Rc1 Kf8 42. Kg1
Ke7 43. Nh1 h4 44. Nf2 Nh5 45. Nh1 Nf4 46. Bf1 Nexg2 47. Bxg2 Rxc3 48. Rxc3 Ne2+
49. Kf2 Nxc3 50. Ke3 Kf6 51. f4 exf4+ 52. Kxf4 g5+ 53. Ke3 Ba4 54. Nf2 Nd1+ 55. Nxd1
Bxd1 56. Bf1 Ke5 57. Ba6 Bc2 0-1

[Event "2024 British Rapidplay Championship"]
[Site "Holiday Inn Peterborough - West"]
[Date "2024.03.03"]
[Round "11.14"]
[White "Dougherty, Michael"]
[Black "Tiruchirapalli, Venkataramanan"]
[Result "1/2-1/2"]
[WhiteFideId "2601559"]
[BlackFideId "5001579"]
[WhiteElo "2030"]
[BlackElo "2263"]
[EventDate "2024.03.02"]

1. Nf3 Nf6 2. d4 d5 3. c4 e6 4. Nc3 Be7 5. e3 O-O 6. Bd3 c5 7. O-O Nc6 8. b3 b6 9.
Bb2 Bb7 10. Qe2 cxd4 11. exd4 dxc4 12. bxc4 Nxd4 13. Nxd4 Qxd4 14. Nd5 Qc5 15. Bxf6
gxf6 16. Qg4+ Kh8 17. Qe4 f5 18. Qe5+ Kg8 19. Qg3+ Kh8 20. Qe5+ Kg8 21. Qe2 1/2-1/2

[Event "2024 British Rapidplay Championship"]
[Site "Holiday Inn Peterborough - West"]
[Date "2024.03.03"]
[Round "11.15"]
[White "Ashton, Adam G"]
[Black "Zhao, George"]
[Result "1-0"]
[WhiteFideId "410110"]
[BlackFideId "494607"]
[WhiteElo "2345"]
[BlackElo "1909"]
[EventDate "2024.03.02"]

1. e4 e6 2. d4 d5 3. Nc3 dxe4 4. Nxe4 Nd7 5. Nf3 Ngf6 6. Nxf6+ Nxf6 7. c3 c5 8. Ne5
a6 9. Be3 cxd4 10. Bxd4 Be7 11. Bd3 O-O 12. O-O Bd7 13. Qf3 Qc7 14. Rad1 Rfd8 15.
Rfe1 Rac8 16. Qh3 g6 17. Nxd7 Nxd7 18. Bc2 Bf6 19. Bxf6 Nxf6 20. Qf3 Kg7 21. Bb3
b6 22. h3 a5 23. Qe3 Rxd1 24. Rxd1 Rd8 25. Rxd8 Qxd8 26. Qe5 h6 27. Qe3 Qc7 28. Qd4
Qb7 29. Bd1 Qd5 30. Qxd5 Nxd5 31. Bf3 Nf4 32. b4 axb4 33. cxb4 Kf6 34. a4 Nd3 35.
a5 Nxb4 36. axb6 Ke7 37. b7 Na6 38. Be2 Nb8 39. Bb5 e5 40. Kf1 g5 41. Ke2 f5 42.
Ke3 Kd6 43. g4 fxg4 44. hxg4 Kc7 45. Ke4 Kxb7 46. Kxe5 Kb6 47. Be8 Kc5 48. Kf5 Kd4
49. Bb5 Kd5 50. Kg6 Ke4 51. Kxh6 Kf4 52. Kh5 Kf3 53. Kxg5 Kxf2 54. Kf4 Kg2 55. g5
Kh3 56. g6 Nd7 57. Bxd7+ Kh2 58. g7 Kh1 59. g8=Q Kh2 60. Kf3 Kh1 61. Qg2# 1-0

[Event "2024 British Rapidplay Championship"]
[Site "Holiday Inn Peterborough - West"]
[Date "2024.03.03"]
[Round "11.16"]
[White "Hunt, Harriet V"]
[Black "Kovalskyi, Roman"]
[Result "1-0"]
[WhiteFideId "403512"]
[BlackFideId "14184214"]
[WhiteElo "2342"]
[BlackElo "1983"]
[EventDate "2024.03.02"]

1. e4 c5 2. Nf3 g6 3. d4 cxd4 4. Qxd4 Nf6 5. e5 Nc6 6. Qf4 Nd5 7. Qe4 Ndb4 8. c3
d5 9. Qe2 Na6 10. h3 Bg7 11. Bf4 Nc5 12. Qe3 Ne6 13. Bg3 O-O 14. Be2 b6 15. O-O Bb7
16. Rd1 Qd7 17. Nbd2 Nc5 18. Nd4 e6 19. Bf3 Nxd4 20. cxd4 Na6 21. Be2 Rac8 22. Qa3
b5 23. Qb3 Nc7 24. a4 a6 25. Rdc1 bxa4 26. Qxb7 Bh6 27. Rc2 Rb8 28. Qxc7 Qxc7 29.
Rxc7 Rxb2 30. Bxa6 Bxd2 31. Rxa4 Rb1+ 32. Kh2 h5 33. h4 g5 34. Rc2 Bc1 35. hxg5 Bxg5
36. f4 Bh6 37. Be2 h4 38. Bxh4 Bxf4+ 39. Kh3 Rfb8 40. Kg4 Be3 41. Rc3 Bd2 42. Rca3
Bb4 43. Rh3 Bf8 44. Bf6 Bg7 45. Bxg7 Kxg7 46. Rg3 R1b2 47. Kf4+ Kf8 48. Bf3 R2b3
49. Rh3 Kg7 50. Kg5 Rc8 51. Rh1 Rbc3 52. Rh4 Rd3 53. Ra7 Rdc3 54. Rf4 Rf8 55. Rf6
Rd3 56. Rxe6 Rxd4 57. Rg6+ Kh7 58. Rf6 Kg7 59. e6 Rb4 60. Raxf7+ Rxf7 61. Rxf7+ Kg8
62. Bxd5 Rb5 63. Rd7 Kf8 64. Kf6 1-0

[Event "2024 British Rapidplay Championship"]
[Site "Holiday Inn Peterborough - West"]
[Date "2024.03.03"]
[Round "11.17"]
[White "Dasgupta, Avyukt"]
[Black "Jones, Steven A"]
[Result "0-1"]
[WhiteFideId "480630"]
[BlackFideId "419630"]
[WhiteElo "1905"]
[BlackElo "2194"]
[EventDate "2024.03.02"]

1. e4 c5 2. Nf3 Nc6 3. Bb5 Nf6 4. Bxc6 dxc6 5. d3 Qc7 6. b3 e5 7. Bb2 Bd6 8. Nbd2
Bg4 9. h3 Bxf3 10. Qxf3 O-O 11. Nc4 Rfe8 12. Ne3 Bf8 13. g4 a5 14. a4 b5 15. h4 Nd7
16. g5 Nb6 17. Bc3 c4 18. bxc4 bxc4 19. dxc4 Bc5 20. Nf5 Bd4 21. h5 Nxc4 22. h6 g6
23. Nxd4 exd4 24. Bxd4 Qe7 25. Bf6 Qb4+ 0-1

[Event "2024 British Rapidplay Championship"]
[Site "Holiday Inn Peterborough - West"]
[Date "2024.03.03"]
[Round "11.18"]
[White "Badacsonyi, Stanley"]
[Black "Lalic, Susan K"]
[Result "1-0"]
[WhiteFideId "486973"]
[BlackFideId "401510"]
[WhiteElo "2105"]
[BlackElo "2059"]
[EventDate "2024.03.02"]

1. Nf3 d5 2. g3 c5 3. Bg2 Nc6 4. O-O Nf6 5. d3 Bg4 6. Nbd2 Qd7 7. c4 Bh3 8. a3 Bxg2
9. Kxg2 e6 10. b3 Be7 11. Bb2 O-O 12. Rc1 b6 13. cxd5 exd5 14. d4 cxd4 15. b4 Ne4
16. Nxd4 Ne5 17. Nxe4 dxe4 18. Nc6 Qe6 19. Nxe5 Bf6 20. Nc4 Bxb2 21. Nxb2 Rad8 22.
Qc2 Rd5 23. Rfd1 Rh5 24. h4 Rxh4 25. gxh4 Qg4+ 26. Kf1 Qxh4 27. e3 Qh1+ 28. Ke2 Qh5+
29. Ke1 Qh1+ 30. Kd2 Qf3 31. Kc3 Qf6+ 32. Kb3 Qe6+ 33. Qc4 Qf5 34. Rc2 b5 35. Qd5
1-0